000 02107nas a2200481 i 4500
003 AR-BaBN
005 20260305112735.0
007 ta
008 260305e1924 ag m p|r f001 | spa
015 _aAR-2012
040 _aAR-BaBN
_bspa
_cBNPHU
_erda
041 _hspa
043 _as-ag---
_awrd
245 0 0 _aProa :
_naño 1, no. 1 (agosto 1924) /
_cdirectores, Jorge Luis Borges, Brandan Caraffa, Ricardo Güiraldes, Pablo Rojas Paz.
250 _aEdiciones facsimilar.
264 _aBuenos Aires, Argentina :
_bBiblioteca Nacional de Argentina.
_bFundación Internacional Jorge Luis Borges,
_c1924.
300 _avolumen ;
_c21 cm.
310 _aMensual.
336 _atexto
_btxt
_2rdacontent
337 _asin mediación
_bn
_2rdamedia
338 _avolumen
_bnc
_2rdacarrier
362 0 _aAño 1, no. 1 (agosto 1924).
490 1 _aReediciones & Antologías
500 _aEdición facsimilar de la revista Proa. Catalogación basada en: Año 1, no. 1. (agosto 1924).
650 4 _aLiteratura argentina
_ySiglo XX
_vPublicaciones periódicas
_vFacsímiles
_989131
650 4 _aLiteratura
_ySiglo XX
_vPublicaciones periódicas
_vFacsímiles
_989132
650 4 _aLiteratura
_xHistoria y crítica
_vPublicaciones periódicas
_vFacsímiles
_989133
655 4 _aFacsímiles
_989134
700 1 _aBorges, Jorge Luis,
_d1899-1986
_eautor
_94173
700 0 _aBrandán Caraffa,
_d1898-1978
_eautor
_989135
700 1 _aGüiraldes, Ricardo,
_d1886-1927
_eautor
_923727
700 1 _aRojas Paz, Pablo,
_d1896-1956
_eautor
_989136
700 1 _aBorges, Norah,
_d1901-1998
_eautor
_989137
700 1 _aSoto, Luis Emilio,
_d1902-1970
_eautor
_989138
700 1 _aWalden, Herwarth,
_d1879-1941
_eautor
_989139
700 1 _aGonzález Tuñón, Raúl,
_d1905-1974
_eautor
_989140
700 1 _aPassano, Ricardo,
_d1893-1973
_eautor
_989141
700 1 _aLucas, Pierre
_eautor
_989142
700 1 _aCugini, Roberto,
_d1898-1953
_eautor
_989143
776 1 8 _iVersión original:
_tProa
_w(AR-BaBN)001209533
830 0 _aReediciones y antologías (Biblioteca Nacional Mariano Moreno)
_989144
942 _2ddc
_cISSUE
999 _c60437
_d60437